| 000 -ლიდერი |
| ფიქსირებული სიგრძის საკონტროლო ველი |
01316nam a2200253Ia 4500 |
| 001 - საკონტროლო ნომერი |
| საკონტროლო ველი |
9995 |
| 003 - საკონტროლო ნომრის იდენტიფიკატორი |
| საკონტროლო ველი |
GE_BSU |
| 005 - ბოლო ოპერაციის თარიღი და დრო |
| საკონტროლო ველი |
20200227151902.0 |
| 008 - ფიქსირებული სიგრძის მონაცემთა ელემენტები - ზოგადი ინფორმაცია |
| ფიქსირებული სიგრძის საკონტროლო ველი |
181216s ge xx |||||||||||||| ||geo|| |
| 040 ## - კატალოგიზაციის წყარო |
| Transcribing agency |
GE_BSU |
| 041 ## - ენის კოდი |
| Language code of text/sound track or separate title |
geo |
| 080 ## - უნივერსალური ათობითი კლასიფიკაციის ინდექსი |
| Universal Decimal Classification number |
821.353.1–13 რ–93 |
| 100 ## - მთავარი ჩანაწერი - პიროვნების სახელი |
| Personal name |
რუსთაველი, შოთა. |
| 9 (RLIN) |
3634 |
| 245 ## - ცნობა სათაურის შესახებ |
| Title |
ვეფხისტყაოსანი : |
| Remainder of title |
პოემა / |
| Statement of responsibility, etc |
რუსთაველი შოთა ; რედ. კ. ჭიჭინაძე ; გამოკვლევით და შენ იშვნებით.სურათ.და ილუსტრ.ლადო გუდიაშვილი. |
| 264 ## - წარმოების, გამოცემის, დისტრიბუციის და სხვა ცნობები |
| გამოცემის, წარმოების, დისტრიბუციის... ადგილი |
თბილისი : |
| გამოცემის, წარმოების, დისტრიბუციის... სახელწოდება |
ფედერაცია, |
| 300 ## - ფიზიკური აღწერა |
| Extent |
354 გვ.: |
| Other physical details |
ილ.; |
| Dimensions |
22 სმ. |
| 520 ## - SUMMARY, ETC. |
| Summary, etc |
გაშლილ თავფურცელზე სათაური რუსულ–ფრანგულ ენებზე. |
| 653 ## - INDEX TERM--UNCONTROLLED |
| Uncontrolled term |
ვეფხისტყაოსანი |
| 653 ## - INDEX TERM--UNCONTROLLED |
| Uncontrolled term |
პოემა |
| 653 ## - INDEX TERM--UNCONTROLLED |
| Uncontrolled term |
ქართული ლიტერატურა |
| 700 ## - ADDED ENTRY--PERSONAL NAME |
| Personal name |
ჭიჭინაძე, კ |
| Relator term |
რედაქტორი |
| 9 (RLIN) |
7561 |
| 700 ## - ADDED ENTRY--PERSONAL NAME |
| Personal name |
გუდიაშვილი, ლადო |
| Relator term |
სურათ.და ილუსტრაცია |
| 9 (RLIN) |
7562 |
| 942 ## - ADDED ENTRY ELEMENTS (KOHA) |
| Koha item type |
წიგნი |
| Source of classification or shelving scheme |
|